[Event "Mittelfranken-ch HT 61st"]
[Site "Weissenburg"]
[Date "2012.04.04"]
[Round "6"]
[White "Schuster, Erwin"]
[Black "Schuster, Alfred"]
[Result "1-0"]
[WhiteElo "1335"]
[BlackElo "1546"]
[PlyCount "91"]
[EventDate "2012.04.02"]
[EventType "swiss"]
[EventRounds "7"]
[EventCountry "GER"]
[SourceTitle "EXT 2015"]
[Source "ChessBase"]
[SourceDate "2014.11.20"]
[SourceVersion "1"]
[SourceVersionDate "2014.11.20"]
[SourceQuality "1"]

1. e4 e5 2. d4 exd4 3. Qxd4 Nc6 4. Qd1 Bb4+ 5. Bd2 Bxd2+ 6. Qxd2 Nf6 7. Nc3 0-0 8. 0-0-0 Re8 9. Bd3 Ne5 10. f3 c6 11. Nge2 d5 12. exd5 cxd5 13. Bb5 Bd7 14. Nf4 Bxb5 15. Nxb5 Qb6 16. Nd4 Rad8 17. b3 Nc6 18. Nf5 Qb4 19. c3 Qf8 20. Rhe1 Rxe1 21. Rxe1 g6 22. Nd4 Nxd4 23. Qxd4 Qd6 24. Re5 Re8 25. Rxe8+ Nxe8 26. Nxd5 b6 27. Qe4 Nf6 28. Nxf6+ Qxf6 29. Kc2 Kg7 30. Qd4 Qxd4 31. cxd4 Kf6 32. g4 Ke6 33. f4 Kd5 34. Kd3 h6 35. h4 b5 36. a3 f5 37. h5 gxh5 38. g5 hxg5 39. fxg5 h4 40. g6 Ke6 41. d5+ Kf6 42. d6 h3 43. d7 Ke7 44. g7 h2 45. d8Q+ Kxd8 46. g8Q+ 1-0